10 Biggest Cities by UK Country - Statistics

General Stats
  • This quiz has been taken 343 times
  • The average score is 18 of 40
Answer Stats
Country Population Answer % Correct
England 8,776,535 London
99%
England 470,411 Manchester
97%
England 1,121,408 Birmingham
96%
Scotland 631,690 Glasgow
96%
England 506,552 Liverpool
96%
Scotland 505,310 Edinburgh
95%
Wales 348,546 Cardiff
94%
Northern Ireland 337,210 Belfast
89%
England 536,321 Leeds
89%
Scotland 196,220 Aberdeen
84%
England 500,552 Sheffield
79%
Wales 170,055 Swansea
79%
England 425,232 Bristol
77%
Scotland 146,840 Dundee
69%
Northern Ireland 85,080 Derry
68%
England 406,588 Leicester
66%
Wales 130,900 Newport
50%
Wales 44,790 Wrexham
48%
England 344,322 Coventry
47%
England 333,931 Bradford
41%
Northern Ireland 63,480 Bangor
36%
Northern Ireland 49,890 Lisburn
21%
Scotland 76,990 Paisley
20%
Scotland 55,480 Dunfermline
19%
Wales 56,587 Barry
18%
Northern Ireland 28,410 Newry
17%
Wales 39,537 Merthyr Tydfil
15%
Wales 40,717 Neath
15%
Wales 51,785 Bridgend
14%
Scotland 75,350 East Kilbride
13%
Scotland 54,640 Hamilton
13%
Scotland 50,340 Kirkcaldy | Cumbernauld
13%
Scotland 57,360 Livingston
13%
Wales 42,175 Llanelli
12%
Northern Ireland 31,270 Ballymena
9%
Northern Ireland 27,460 Carrickfergus
6%
Wales 47,091 Cwmbran
5%
Northern Ireland 71,560 Craigavon
4%
Northern Ireland 67,200 Newtownabbey
4%
Northern Ireland 29,230 Newtownards
4%
No matching quizzes found
Score Distribution
Percent of People with Each Score
Percentile by Number Answered
Your Score History
You have not taken this quiz